Chính sách giảm nghèo ở Việt Nam đến năm 2015 Sách chuyên khảo

Giới thiệu với bạn đọc hệ thống chính sách giảm nghèo ở Việt Nam. Tập trung vào 4 chính sách chủ yếu: tín dụng ưu đãi cho hộ nghèo, đầu tư cơ sở hạ tầng, hỗ trợ giáo dục và y tế cho người nghèo....

সম্পূর্ণ বিবরণ

সংরক্ষণ করুন:
গ্রন্থ-পঞ্জীর বিবরন
প্রধান লেখক: Nguyễn, Thị Hoa
বিন্যাস: গ্রন্থ
ভাষা:Undetermined
প্রকাশিত: H. Thông tin và truyền thông 2010
বিষয়গুলি:
অনলাইন ব্যবহার করুন:http://lrc.tdmu.edu.vn/opac/search/detail.asp?aID=2&ID=15517
ট্যাগগুলো: ট্যাগ যুক্ত করুন
কোনো ট্যাগ নেই, প্রথমজন হিসাবে ট্যাগ করুন!
Thư viện lưu trữ: Trung tâm Học liệu Trường Đại học Thủ Dầu Một
LEADER 01097nam a2200217Ia 4500
001 TDMU_15517
008 210410s9999 xx 000 0 und d
082 |a 339.4 
090 |b NG527 
100 |a Nguyễn, Thị Hoa 
245 0 |a Chính sách giảm nghèo ở Việt Nam đến năm 2015 
245 0 |b Sách chuyên khảo 
245 0 |c TS. Nguyễn Thị Hoa 
260 |a H. 
260 |b Thông tin và truyền thông 
260 |c 2010 
300 |a 243tr. 
520 |a Giới thiệu với bạn đọc hệ thống chính sách giảm nghèo ở Việt Nam. Tập trung vào 4 chính sách chủ yếu: tín dụng ưu đãi cho hộ nghèo, đầu tư cơ sở hạ tầng, hỗ trợ giáo dục và y tế cho người nghèo. 
650 |a Chính sách nhà nước  |x Giảm nghèo  |z Việt Nam; Xóa đói giảm nghèo  |z Việt Nam  |x Chính sách 
856 |u http://lrc.tdmu.edu.vn/opac/search/detail.asp?aID=2&ID=15517 
980 |a Trung tâm Học liệu Trường Đại học Thủ Dầu Một